| 000 | 00687nam a22002297a 4500 | ||
|---|---|---|---|
| 003 | OSt | ||
| 005 | 20140310182959.0 | ||
| 008 | 130208t xxu||||| |||| 00| 0 eng d | ||
| 020 | _a9719174951 | ||
| 050 |
_aBT 268 _b.K836 2002 |
||
| 100 | _aKong, Francis J. | ||
| 245 |
_aOne day at a time--never a dull moment : _cFrancis J. Kong _ba daily dose of inspiration for the man at work / |
||
| 260 |
_c[S. l.]: _a[S. n.], _b2002. |
||
| 300 |
_a249 p. : _c21 cm. |
||
| 521 | _aBSBA | ||
| 562 | _e1 | ||
| 650 |
_aWork _vliterary collection |
||
| 650 |
_aBusinessmen _vliterary collection |
||
| 650 | _aBusinessmen ( inspirational writings ) | ||
| 942 |
_2lcc _cBK _kLOC |
||
| 999 |
_c18067 _d18067 |
||